00658nam a22001937a 450000500170000000800410001704000090005804100080006708200210007510000150009624500420011126000780015330000280023136500350025952001100029465000150040465000280041970000170044720220516144903.0220516b ||||| |||| 00| 0 eng d cAloy aeng 223a370.11bRAJS aJ S Rajput aSymphony of human values in education aNew Delhi:bNational Council of Educational Research and Training,c2001. axii,167p.bHBc21x21cm. 2Educationb120.00c₹d120.00 aCollected quotations and sayings of various eminent Indians and Government of India reports on education. aQuotations aCommissions and Reports aRAJPUT (J S)